00483 2200181 4500001002100000005001500021035002000036008004100056245007200097100001800169250000600187260004800193300001200241084001400253082000800267650001400275990001200289INLIS00000000000003520240502103233 a0010-0424000011240502 0 ind 1 aQuantum Ikhlas ( Teknologi Aktivasi Kekuatan Hati ) /cErbe Sentanu aSentanu, Erbe a1 aJakarta :bPT. Elex Media Komputindo,c2017 a236 hlm a200 ERB q a200 4aNon Fiksi a0737346